| 000 | 01040nam a22002774aa4500 | ||
|---|---|---|---|
| 003 | BOFEUTO | ||
| 005 | 20260512144221.0 | ||
| 008 | t2025 bo gr 000 f spa d | ||
| 040 |
_6BOFEUTO _aBOFEUTO _cBOFEUTO |
||
| 041 | _aspa | ||
| 044 | _abo | ||
| 082 |
_aTE6295 _bL864 |
||
| 100 |
_aLópez Condori, Romina Alejandra _eautor |
||
| 245 |
_aDiseño de estrategias de marketing social media para la Empresa Mosaicos y Granitos López de la ciudad de Oruro. _cRomina Alejandra López Condori |
||
| 260 |
_aOruro : _bs/n ; _c2025 . |
||
| 300 |
_a130 hojas : _bgráf. tab. ; _c28.5 cm . |
||
| 500 | _aIncluye bibliografía, anexos. | ||
| 502 | _aTesis Dirigida, (Licenciatura) -- Universidad Técnica de Oruro, Facultad de Ciencias Económicas, Financieras y Administrativas, Carrera Administración de Empresas, 2025. | ||
| 650 | _aEstratégias de Marketing | ||
| 653 | _aHerramientas | ||
| 653 | _aMercado | ||
| 653 | _aProductos | ||
| 653 | _aCalidad | ||
| 700 |
_aGutiérres Ledezma, Claudia _etutor |
||
| 942 |
_2ddc _cTE _n0 |
||
| 999 |
_c16148 _d16148 |
||